| 000 | 01095aam a2200337 a 4500 | ||
|---|---|---|---|
| 999 |
_c17909 _d17881 |
||
| 001 | 016094467 | ||
| 003 | OSt | ||
| 005 | 20190424131737.0 | ||
| 008 | 120510s2013 xxka frbd 001 0 eng | ||
| 010 | _a2012018941 | ||
| 020 | _a9780415533355 (hbk.) | ||
| 020 | _a041553335X (hbk.) | ||
| 020 | _a9780415533379 (pbk.) | ||
| 020 | _a0415533376 (pbk.) | ||
| 020 | _z9780203082812 (ebk) | ||
| 040 |
_aStDuBDS _beng _cStDuBDS _dUk |
||
| 082 | 0 | 4 |
_a658.8002854678 _bCHA _222 |
| 100 | 1 |
_aChaffey, Dave, _d1963- _912830 |
|
| 245 | 1 | 0 |
_aEmarketing excellence : _bplanning and optimizing your digital marketing / _cDave Chaffey and P. R. Smith. |
| 250 | _a4th ed. | ||
| 260 |
_aLondon ; _aNew York, United States : _bRoutledge, _c2013. |
||
| 300 |
_axxi, 613 p. : _bill. (col.) ; _c26 cm. |
||
| 500 | _aIndex : p. 603-613. | ||
| 500 | _aGlossary : p. 584-602. | ||
| 504 | _aBibliography : p. 580-583. | ||
| 650 | 0 |
_aInternet marketing _932688 _2BUEsh |
|
| 651 | _2BUEsh | ||
| 653 | _cJanuary2014 | ||
| 700 | 1 |
_aSmith, P. R. _q(Paul Russell), _d1957- _934808 |
|
| 942 |
_2ddc _cBB _k658.872 CHA |
||